Экранизации произведений под другими названиями - Statistics

General Stats
  • This quiz has been taken 40 times
  • The average score is 5 of 17
Answer Stats
Фильм Автор оригинального произведения Литературный источник % Correct
Дориан Грей Оскар Уайльд Портрет Дориана Грея
94%
Троя Гомер Илиада
81%
Жестокий романс Александр Островский Бесприданница
66%
Даун Хаус Фёдор Достоевский Идиот
63%
Завещание профессора Доуэлля Алексадр Беляев Голова профессора Доуэлля
47%
Капитан Немо Жюль Верн Двадцать тысяч лье под водой
38%
Иван Васильевич меняет профессию Михаил Булгаков Иван Васильевич
28%
Чарли Дениэл Киз Цветы для Элджернона
28%
Чародеи Аркадий и Борис Стругацкие Понедельник начинается в субботу / Сказка о Тройке
28%
Место встречи изменить нельзя Аркадий и Георгий Вайнеры Эра милосердия
25%
Апокалипсис сегодня Джозеф Конрад Сердце тьмы
6%
Они живут (Чужие среди нас) Рэй Нельсон В восемь утра
3%
Шоссе в никуда Амброз Бирс Случай на мосту через Совиный ручей
3%
Джеки Браун Элмор Леонард Ромовый пунш
3%
Расплата Ричард Старк (Дональд Уэстлейк) Охотник
3%
Господин оформитель Александр Грин Серый автомобиль
3%
Красные Джон Рид Десять дней, что потрясли мир
3%
No matching quizzes found
Score Distribution
Percent of People with Each Score
Percentile by Number Answered
Your Score History
You have not taken this quiz